000 00811nam a22002537a 4500
001 2067
005 20231103101226.0
020 _a9780152052515
040 _aFISKH
_beng
_cFISKH
_dFISKH
050 _aGV838.E34
082 _a797.2
100 _aAdler, David A.
245 _aAmerica's Champion Swimmer:
_bGertrude Ederle /
_cWRITTEN BY David A. Adler ILLUSTRATED BY Terry Widener
260 _aNew York :
_bHarcourt,
_c2000
300 _a32 pages :
_c28 cm
505 _aM
520 _aDescribes the life and accomplishments of Gertrude Ederle, the first woman to swim the English Channel and a figure in the early women's rights movement.
521 _a800
_bLexile
521 _aM
_bRaz-Plus
650 _aBiography
650 _aSports
700 _aWidener, Terry
_eIllustrator
942 _2ddc
_cBK
_n0
999 _c2067
_d2067